| 000 | 00662aam a2200205 4500 | ||
|---|---|---|---|
| 005 | 20250701164938.0 | ||
| 008 | 150622b2010 xxu||||| |||| 00| 0 spa d | ||
| 020 | _a9786070905131 | ||
| 041 | _aESP | ||
| 082 | _a323 H639c | ||
| 100 | _aHikal, Wael | ||
| 245 | _aCriminología, derechos humanos y garantías individuales: la necesidad de reorganizar y sistematizar el conocimiento criminológico: criminología de los derechos humanos | ||
| 260 |
_aMéxico _bPorrua _c2010 |
||
| 300 | _a246 páginas | ||
| 490 | _aInvestigación Criminal | ||
| 650 | _aDERECHOS HUMANOS | ||
| 650 | _aCRIMINOLOGÍA | ||
| 650 | _aGARANTÍAS INDIVIDUALES | ||
| 942 |
_cBK _2ddc |
||
| 999 |
_c8616 _d8616 |
||